[Event "65th ch-GEO w"]
[Site "Tbilisi GEO"]
[Date "2008.03.03"]
[Round "5"]
[White "Melia,S"]
[Black "Nikoladze,S"]
[Result "1/2-1/2"]
[WhiteElo "2362"]
[BlackElo "2251"]

1.e4 d6 2.d4 Nf6 3.Nc3 Nbd7 4.g4 h6 5.h3 e5 6.Nge2 c5 7.dxc5 Nxc5 8.Ng3 a6
9.Be3 b5 10.Qd2 Bb7 11.Bg2 g6 12.O-O Qc7 13.a3 Bg7 14.Rad1 Rd8 15.f4 Ne6
16.fxe5 dxe5 17.Nd5 Nxd5 18.exd5 Nd4 19.c3 Nb3 20.Qf2 Rd7 21.Ne4 O-O 22.Nf6+ Bxf6
23.Qxf6 Qd6 24.Qxd6 Rxd6 25.Bxh6 Re8 26.Rfe1 f6 27.Be3 Kf7 28.Be4 Red8 29.Rd3 Rc8
30.h4 Rc4 31.Bf2 Bc8 32.Rg3 Nd2 33.Bg2 Rxg4 34.Rxg4 Bxg4 35.Bc5 Rd8 36.Kf2 Rc8
37.Be3 Nc4 38.Bc1 Rd8 39.Kg3 Bh5 40.b3 Nb6 41.Re3 Bd1 42.c4 bxc4 43.bxc4 Nxc4
44.Rc3 Nd6 45.Rc7+ Ke8 46.Bd2 Rd7 47.Rc6 Nf5+ 48.Kf2 Bb3 49.Rxf6 Bxd5 50.Bb4 Rf7
51.Rxf7 Bxf7 52.Bf1 Nxh4 53.Bxa6 Bd5 54.Bb5+ Kd8 55.Kg3 Nf5+ 56.Kg4 Nd4 57.Ba4 Ne6
58.Kg3 e4 59.Kf2 g5 60.Bc3 Ke7 61.Bb4+ Kd8 62.Bc3 Kc7 63.Ke3  1/2-1/2

[Event "XXIII Open"]
[Site "Reykjavik ISL"]
[Date "2008.03.04"]
[Round "2"]
[White "Steil Antoni,F"]
[Black "Rebers,E"]
[Result "1/2-1/2"]
[WhiteElo "2122"]
[BlackElo "2297"]

1.e4 d6 2.d4 Nf6 3.Nc3 e5 4.Nf3 Nbd7 5.Bc4 Be7 6.O-O O-O 7.Re1 c6 8.a4 b6
9.d5 cxd5 10.Bxd5 Nxd5 11.Nxd5 Nf6 12.Nxe7+ Qxe7 13.Bg5 h6 14.Bxf6 Qxf6 15.Qd5 Bg4
16.Re3 Qe7 17.Rd1 Rfd8 18.c4 Rac8 19.b3 a6 20.h3 Be6 21.Qd2 Qb7 22.Qb4 Rc5
23.Red3 Qc7 24.Qd2 b5 25.axb5 axb5 26.cxb5 Rxb5 27.Rxd6 Rxd6 28.Qxd6 Qxd6
29.Rxd6 Bxb3 30.Rd8+ Kh7 31.Kh2  1/2-1/2

[Event "58th ch-RUS w 1st liga"]
[Site "Smolensk RUS"]
[Date "2008.03.04"]
[Round "7"]
[White "Travkina,A"]
[Black "Fakhretdinova,M"]
[Result "1-0"]
[WhiteElo "2083"]
[BlackElo "2160"]

1.e4 d6 2.d4 Nf6 3.Nc3 e5 4.dxe5 dxe5 5.Qxd8+ Kxd8 6.Bg5 Be7 7.O-O-O+ Ke8
8.f4 Nbd7 9.Bxf6 Bxf6 10.Nf3 c6 11.f5 Be7 12.g4 h6 13.h4 b5 14.Bg2 a5 15.g5 Bb7
16.Bh3 Rd8 17.Ne2 f6 18.g6 Nc5 19.Ng3 Bd6 20.Nd2 Rd7 21.Bf1 Kd8 22.Nb3 Nxb3+
23.axb3 Re8 24.c4 b4 25.Rh2 Bc5 26.Rxd7+ Kxd7 27.Nh5 Bf8 28.Rg2 Re7 29.c5 Kc7
30.Bc4 Bc8 31.Kc2 Kd8 32.Rg1 Ra7 33.Bf7 Ke7 34.Ra1 Ba6 35.Re1 Rd7 36.Bc4 Bxc4
37.bxc4 Ke8 38.Ra1 Ra7 39.Rg1 Bxc5 40.Rg2 Bf8 41.b3 a4 42.bxa4 Rxa4 43.Kb1 Ra3
44.Ra2 Rh3 45.Ra8+ Ke7 46.c5 Rxh4 47.Ra7+ Ke8 48.Ra8+ Ke7 49.Ra7+ Kd8 50.Ra8+ Ke7
51.Ra7+ Kd8 52.Nxg7 Bxg7 53.Rxg7 Rxe4 54.Rf7 Ke8 55.Rxf6 Rg4 56.Rxc6 e4 57.Rd6 e3
58.Re6+ Kd7 59.Rxe3 Kc6 60.Rf3 Kxc5 61.f6 Kc4 62.f7 Rxg6 63.f8=Q Rb6 64.Qf4+  1-0

[Event "24th Open"]
[Site "Bad Woerishofen GER"]
[Date "2008.03.05"]
[Round "7"]
[White "Lupor,S"]
[Black "Pichl,M"]
[Result "1-0"]
[WhiteElo "2312"]
[BlackElo "2077"]

1.e4 d6 2.d4 Nf6 3.Nc3 Nbd7 4.g4 h6 5.h3 e5 6.Nge2 Be7 7.Bg2 c6 8.Be3 a6
9.Ng3 exd4 10.Qxd4 Ne5 11.O-O-O c5 12.Qd2 Nc4 13.Qe2 Be6 14.Nf5 Qb6 15.Nxg7+ Kd7
16.b3 Qb4 17.Nb1 Nxe3 18.Qxe3 Rhc8 19.Qc3 Qb6 20.Nxe6 fxe6 21.Na3 c4 22.Nxc4 Qxf2
23.e5 Qf4+ 24.Kb1 b5 25.Nb6+ Kd8 26.Nxc8 Rxc8 27.Qd4 Qg3 28.exf6  1-0

[Event "24th Open"]
[Site "Bad Woerishofen GER"]
[Date "2008.03.05"]
[Round "7"]
[White "Kugelmann,W"]
[Black "Anistratov,D"]
[Result "0-1"]
[WhiteElo "2213"]
[BlackElo "2376"]

1.e4 d6 2.d4 Nf6 3.Nc3 e5 4.dxe5 dxe5 5.Qxd8+ Kxd8 6.Bg5 Be6 7.O-O-O+ Nd7
8.f3 Bc5 9.Nd5 Kc8 10.Kb1 c6 11.Nxf6 Nxf6 12.Ne2 Kc7 13.Ng3 h6 14.Bc1 h5
15.Be2 h4 16.Nf1 Nh5 17.Be3 Bxe3 18.Nxe3 Nf4 19.Bc4 Nxg2 20.Bxe6 Nxe3 21.Rd7+ Kb6
22.Bxf7 Rad8 23.Rxd8 Rxd8 24.Kc1 Rf8 25.Bh5 g6 26.Bxg6 Rxf3 27.Kd2 Nc4+ 28.Ke2 Rf6
29.Bf5 Kc5 30.b3 Nd6 31.Rf1 Kd4 32.Rf3 Nxf5 33.Rxf5 Rg6 34.Kf3 h3 35.c3+ Kxc3
36.Rxe5 Rg2 37.Ra5 a6 38.Ra4 Rxh2 39.Kg3 Re2 40.Kxh3 Kd3  0-1

[Event "58th ch-RUS w 1st liga"]
[Site "Smolensk RUS"]
[Date "2008.03.06"]
[Round "9"]
[White "Yanovskaya,O"]
[Black "Gorozhankina,J"]
[Result "0-1"]
[WhiteElo "1904"]
[BlackElo "2037"]

1.e4 d6 2.d4 Nf6 3.Nc3 e5 4.Nf3 Nbd7 5.Bc4 Be7 6.O-O O-O 7.Re1 c6 8.a4 b6
9.d5 cxd5 10.Nxd5 Bb7 11.b3 Nc5 12.Nxf6+ Bxf6 13.Bd5 Bxd5 14.Qxd5 Qc7 15.Nd2 Ne6
16.Nc4 Rfd8 17.Ba3 Nf4 18.Qd1 d5 19.exd5 Rxd5 20.Qf3 Rad8 21.Bb2 Ng6 22.Qe4 Qc5
23.g3 Nf8 24.Rac1 Ne6 25.Bxe5 Bxe5 26.Nxe5 Ng5 27.Qf5 Rxe5 28.Rxe5 Qxe5  0-1

[Event "Open"]
[Site "Blackpool ENG"]
[Date "2008.03.07"]
[Round "1"]
[White "Dgebuadze,A"]
[Black "Purton,B"]
[Result "1-0"]
[WhiteElo "2512"]
[BlackElo "2112"]

1.e4 d6 2.d4 Nf6 3.Nc3 c6 4.Nf3 Bg4 5.Be2 e6 6.O-O d5 7.Bg5 Be7 8.e5 Nfd7
9.Bxe7 Qxe7 10.a3 a6 11.b4 b6 12.Na4 O-O 13.h3 Bh5 14.Nb2 c5 15.c3 Nc6 16.Qd2 Rfc8
17.Qe3 c4 18.Qd2 b5 19.a4 Rcb8 20.a5 Rc8 21.Nd1 f6 22.exf6 Nxf6 23.Qe3 Ne4
24.Rb1 Rd8 25.Ne5 Nxe5 26.Bxh5 Nc6 27.f4 Qf6 28.Bf3 Nd6 29.g4 Rf8 30.Bg2 Rae8
31.Rb2 h5 32.Re2 Kh8 33.Qg3 Nxd4 34.cxd4 Qxd4+ 35.Kh1 hxg4 36.hxg4 e5 37.Qh3+ Kg8
38.Qe3 Rxf4 39.Rxf4 Qxe3 40.Bxd5+ Kh7 41.Rxe3 exf4 42.Rxe8 Nxe8 43.Kg2 Kh6
44.Kf3  1-0

[Event "FSIM March"]
[Site "Budapest HUN"]
[Date "2008.03.07"]
[Round "6"]
[White "Duong The Anh"]
[Black "Schmidt,Rau"]
[Result "1-0"]
[WhiteElo "2381"]
[BlackElo "2160"]

1.d4 d6 2.e4 Nf6 3.Nc3 c6 4.g3 Bg4 5.f3 Bc8 6.Be3 Nbd7 7.Qd2 e5 8.O-O-O Qc7
9.g4 Be7 10.Nge2 Nb6 11.Ng3 h6 12.d5 cxd5 13.Bb5+ Bd7 14.Bxb6 axb6 15.Nxd5 Qc5
16.b4 Qxb5 17.Nc7+ Kf8 18.Nxb5 Bxb5 19.Kb2 g6 20.Nf1 Bc4 21.a3 Kg7 22.Ne3 Rhc8
23.h4 b5 24.h5 Ng8 25.Nd5 Bg5 26.f4 exf4 27.Nb6 f3 28.Qf2 Bf6+ 29.Rd4 Be2
30.Nxa8 Rxa8 31.c3 Re8 32.Rh3 Bxd4 33.Qxd4+ Re5 34.hxg6 fxg6 35.Qxd6 Rxe4
36.Qd7+ Re7 37.Qd4+ Kf8 38.g5 h5 39.Rh4 Rf7 40.Rf4 Rxf4 41.Qxf4+ Ke8 42.Kc1 Ne7
43.Kd2 Bc4 44.Qb8+ Kf7 45.Qxb7 Bd5 46.Qxb5 h4 47.c4 h3 48.cxd5 h2 49.Qf1 Nf5
50.Qxf3 Kg8 51.d6 Nxd6 52.Qg2 Nc4+ 53.Kc3  1-0

[Event "10th WCh-University w"]
[Site "Novokuznetsk RUS"]
[Date "2008.03.07"]
[Round "6"]
[White "Mongontuul,B"]
[Black "Kharashuta,E"]
[Result "1-0"]
[WhiteElo "2389"]
[BlackElo "2222"]

1.e4 d6 2.d4 Nf6 3.Nc3 e5 4.Nf3 Nbd7 5.Bc4 Be7 6.O-O O-O 7.Re1 c6 8.a4 b6
9.b3 Bb7 10.Bb2 a6 11.Bf1 Re8 12.Qd2 Bf8 13.Rad1 g6 14.Ba3 exd4 15.Qxd4 c5
16.Qd3 b5 17.Bb2 b4 18.Nd5 Nxd5 19.exd5 Rxe1 20.Rxe1 Bg7 21.Bxg7 Kxg7 22.c4 bxc3
23.Qxc3+ Qf6 24.Qd2 Nb6 25.Bc4 Bc8 26.Qa5 Nxc4 27.bxc4 Bd7 28.h4 h6 29.Nd2 Bf5
30.Qc7 Qc3 31.Re7 Rf8 32.Nf3 Qc1+ 33.Ne1 Qxc4 34.Qxd6 Qxh4 35.Qxc5 Rc8 36.Qa7 Qf6
37.d6 Be6 38.Nd3 Rc4 39.Qe3 Rxa4 40.Rc7 Bf5 41.d7 Rd4 42.Rc6 Qh4 43.Qe5+ Kh7
44.Rc8  1-0

[Event "65th ch-GEO w"]
[Site "Tbilisi GEO"]
[Date "2008.03.07"]
[Round "8"]
[White "Khukhashvili,S"]
[Black "Tereladze,S"]
[Result "1-0"]
[WhiteElo "2387"]
[BlackElo "2195"]

1.e4 d6 2.d4 Nf6 3.Nc3 e5 4.Nf3 Nbd7 5.g4 Nxg4 6.Rg1 exd4 7.Nxd4 Ngf6 8.Bg5 h6
9.Bh4 g5 10.Bg3 Ne5 11.Be2 c6 12.Qd2 Be6 13.O-O-O Qa5 14.f4 gxf4 15.Bh4 Ned7
16.Qxf4 Be7 17.Nxe6 fxe6 18.Rg7 Qe5 19.Qf3 Rh7 20.Bg3 Qc5 21.Bf2 Qa5 22.Rdg1 O-O-O
23.Kb1 Bf8 24.Rxh7 Nxh7 25.h4 Nhf6 26.Be3 d5 27.e5 Ne4 28.Nxe4 dxe4 29.Qxe4 Qxe5
30.Qxe5 Nxe5 31.c3 b6 32.Kc2 Bc5 33.Ba6+ Kc7 34.Rg7+ Nd7 35.Bf4+ Bd6 36.Bxh6 Rh8
37.Bg5 Bg3 38.Bc4 Bxh4 39.Bxh4 Rxh4 40.Bxe6 Rh2+ 41.Kd3 Kd6 42.Bxd7 Rxb2
43.a4 Ra2 44.Be8 Rxa4 45.Rg6+ Ke5 46.Bxc6 Ra2 47.Bd7 Rf2 48.Bb5 Kd5 49.Ba6 Rf3+
50.Kc2 Rf7 51.Kb3 Kc5 52.Bc4 Rh7 53.Bd3 Re7 54.Bf1 Rf7 55.Bg2 Rh7 56.Be4 Rc7
57.Re6 Rg7 58.Rc6+ Kb5 59.Rc4 a5 60.Bd3 Rg3 61.Be2 Rg2 62.Rb4+ Kc5 63.Rb5+ Kc6
64.Re5 Rh2 65.Re6+ Kc5 66.Bf3 Rh3 67.Rf6 Rh2 68.Rc6+ Kb5 69.c4+ Ka6 70.Rc8 Rh7
71.Ra8+ Ra7 72.Rxa7+ Kxa7 73.Ka4 Kb8 74.Kb5 Kc7 75.Bd5  1-0

[Event "Open"]
[Site "Blackpool ENG"]
[Date "2008.03.08"]
[Round "3"]
[White "Hardy,R"]
[Black "Whyte,B"]
[Result "1/2-1/2"]
[WhiteElo "2024"]
[BlackElo "2153"]

1.e4 d6 2.d4 Nf6 3.Nc3 e5 4.dxe5 dxe5 5.Qxd8+ Kxd8 6.Bc4 Be6 7.Bxe6 fxe6
8.Nf3 Bd6 9.Bg5 Ke7 10.O-O-O a6 11.Rhe1 Nc6 12.a3 Rhb8 13.Nd2 b5 14.Re3 b4
15.axb4 Rxb4 16.Nb3 Rab8 17.Na2 R4b6 18.f3 Nd4 19.Nxd4 exd4 20.Rb3 Rxb3 21.cxb3 Bxh2
22.Rxd4 Rxb3 23.Nb4 Kf7 24.Kc2 Be5 25.Kxb3 Bxd4 26.Nxa6 Bb6 27.Bf4 Ne8 28.Kb4 Ke7
29.e5 h6 30.Kb5 Kd7 31.Nc5+ Bxc5 32.Kxc5 c6 33.Bd2 Nc7 34.g4 Nd5 35.f4 Ne7
36.b3 g6 37.Kd4 h5 38.gxh5 gxh5 39.Ke4 Nf5 40.Bb4 Kc7 41.Bc5 Kb7 42.b4 Ka6
43.Kf3 Kb5 44.Ke4 Kc4 45.Bf8 h4 46.Kf3 h3 47.Bc5 h2 48.Kg2 Kd5 49.Kxh2 Ke4
50.Kg1 Kxf4 51.Bd6 Ne3 52.Kf2 Nc4 53.Ke2 Ke4 54.Kd1 Nxe5 55.Kc2 Kd4 56.Bc7 Nc4
57.Kb3 e5 58.Bb8 e4 59.Ba7+ Kd3 60.b5 cxb5 61.Kb4 Nd6 62.Bc5 Nf5 63.Kxb5 Nd4+
64.Ka4 e3 65.Be7 e2 66.Bh4 Nf3 67.Bg3 Nd2 68.Kb4 Ne4 69.Be1  1/2-1/2

[Event "Open"]
[Site "Blackpool ENG"]
[Date "2008.03.09"]
[Round "5"]
[White "Jain,A2"]
[Black "Lund,B"]
[Result "0-1"]
[WhiteElo "1996"]
[BlackElo "2269"]

1.e4 d6 2.d4 Nf6 3.Nc3 c6 4.a4 Qa5 5.Bd3 e5 6.Ne2 g6 7.h3 Bg7 8.Be3 O-O 9.O-O Re8
10.Qd2 Nbd7 11.f4 exd4 12.Nxd4 Nc5 13.Rae1 Nfxe4 14.Bxe4 Nxe4 15.Nxe4 Qxd2
16.Nxd2 Rxe3 17.Rxe3 Bxd4 18.Re1 Bf5 19.c3 Bxe3+ 20.Rxe3 Kf8 21.Nc4 Rd8 22.Kf2 d5
23.Ne5 d4 24.Re2 dxc3 25.bxc3 Rd5 26.g4 Bc8 27.Kf3 f6 28.Nc4 Rd3+ 29.Re3 Rxe3+
30.Kxe3 Ke7 31.Kd4 b6 32.a5 c5+ 33.Ke3 b5 34.Nd2 Bb7 35.Nb3 Kd6 36.h4 Bd5
37.Nd2 h6  0-1

[Event "Open"]
[Site "Blackpool ENG"]
[Date "2008.03.09"]
[Round "5"]
[White "Jain,A2"]
[Black "Lund,B"]
[Result "0-1"]
[WhiteElo "1996"]
[BlackElo "2269"]

1.e4 d6 2.d4 Nf6 3.Nc3 c6 4.a4 Qa5 5.Bd3 e5 6.Ne2 g6 7.h3 Bg7 8.Be3 O-O 9.O-O Re8
10.Qd2 Nbd7 11.f4 exd4 12.Nxd4 Nc5 13.Rae1 Nfxe4 14.Bxe4 Nxe4 15.Nxe4 Qxd2
16.Nxd2 Rxe3 17.Rxe3 Bxd4 18.Re1 Bf5 19.c3 Bxe3+ 20.Rxe3 Kf8 21.Nc4 Rd8 22.Kf2 d5
23.Ne5 d4 24.Re2 dxc3 25.bxc3 Rd5 26.g4 Bc8 27.Kf3 f6 28.Nc4 Rd3+ 29.Re3 Rxe3+
30.Kxe3 Ke7 31.Kd4 b6 32.a5 c5+ 33.Ke3 b5 34.Nd2 Bb7 35.Nb3 Kd6 36.h4 Bd5
37.Nd2 h6 38.Kd3 g5 39.hxg5 hxg5 40.fxg5 fxg5 41.Ke3 Ke5  0-1

[Event "Spring Cup"]
[Site "Cheliabinsk RUS"]
[Date "2008.03.09"]
[Round "3"]
[White "Dvoirys,S"]
[Black "Krassilnikov,E"]
[Result "1-0"]
[WhiteElo "2549"]
[BlackElo "2399"]

1.e4 d6 2.d4 Nf6 3.Nc3 e5 4.dxe5 dxe5 5.Qxd8+ Kxd8 6.Nf3 Bd6 7.Bg5 c6 8.Nd2 h6
9.Bh4 Be6 10.Nc4 Bc7 11.O-O-O+ Nd7 12.Nd6 Rb8 13.Bc4 Bxc4 14.Nxc4 Ke7 15.f3 Ke6
16.a4 Rhd8 17.Bf2 b5 18.axb5 cxb5 19.Ne3 Bb6 20.Nf5 Ne8 21.Bh4 f6 22.Nxb5 g6
23.Nfd6 a6 24.Nxe8 axb5 25.Rd6+ Ke7 26.Rxd7+ Kxd7 27.Nxf6+ Ke6 28.Nd5 Rdc8
29.Kd2 b4 30.Ra1 Bd4 31.Ra6+ Kf7 32.b3 Rb7 33.Kd3 Bc5 34.Rf6+ Kg7 35.Re6 Kf7
36.Rf6+ Kg7 37.Bg3 Bd4 38.Ra6 Kf7 39.Be1 Bc5 40.Ra4 Rcb8 41.Bg3 Re8 42.Ra5 Bb6
43.Ra6 Bc5 44.Rf6+ Kg7 45.Rc6 Bf8 46.Be1 Kf7 47.Kc4 Reb8 48.Bd2 Rd7 49.Be3 Rdb7
50.h4 h5 51.Bf2 Ra8 52.Bg3 Ra2 53.Kd3 Bg7 54.Be1 Bf8 55.Rf6+ Kg7 56.Bg3 Rf7
57.Re6 Kh7 58.Bxe5 Ra8 59.Nf6+ Kh6 60.Nd5 Kh7 61.Bd4 Ra2 62.Re8 Ra6 63.e5 Bg7
64.Ke4 Re6 65.Rxe6  1-0

[Event "10th WCh-University w"]
[Site "Novokuznetsk RUS"]
[Date "2008.03.09"]
[Round "8"]
[White "Springelkamp,H"]
[Black "Kharashuta,E"]
[Result "0-1"]
[WhiteElo "1992"]
[BlackElo "2222"]

1.e4 d6 2.d4 Nf6 3.Nc3 e5 4.Nf3 Nbd7 5.Bc4 Be7 6.O-O O-O 7.Re1 c6 8.a4 b6
9.Bg5 a6 10.dxe5 Nxe5 11.Nxe5 dxe5 12.Qe2 h6 13.Bh4 Qd6 14.Bb3 Qc5 15.Qc4 g5
16.Bg3 Nd7 17.Kf1 Qd6 18.Qe2 Nc5 19.Bc4 Be6 20.Rad1 Bxc4 21.Qxc4 Qf6 22.b4 b5
23.Qa2 Ne6 24.Qb2 h5 25.Nd5 cxd5 26.Bxe5 Qg6 27.exd5 Rac8 28.Rd3 Rc4 29.dxe6 Rxb4
30.exf7+ Qxf7 31.Rf3 Qc4+  0-1

[Event "ch-UKR Girls u20"]
[Site "Odessa UKR"]
[Date "2008.03.10"]
[Round "6"]
[White "Stasenko,J"]
[Black "Kalinina,O"]
[Result "1/2-1/2"]
[WhiteElo "1961"]
[BlackElo "2231"]

1.e4 d6 2.d4 Nf6 3.Nc3 e5 4.dxe5 dxe5 5.Qxd8+ Kxd8 6.Bg5 Be6 7.O-O-O+ Nd7
8.Nf3 Bd6 9.Bb5 Kc8 10.Bxf6 gxf6 11.Bxd7+ Kxd7 12.Nd5 Bxd5 13.Rxd5 Ke6 14.Rhd1 Rhg8
15.Nh4 Rg4 16.Nf5 Rd8 17.Ng3 Rgg8 18.c4 b6 19.f3 a5 20.a4 Be7 21.Rxd8 Bxd8
22.Nf5 Be7 23.g3 Bc5 24.Kc2 Bb4  1/2-1/2

[Event "XXIII Open"]
[Site "Reykjavik ISL"]
[Date "2008.03.10"]
[Round "8"]
[White "Finnlaugsson,G"]
[Black "Rebers,E"]
[Result "1/2-1/2"]
[WhiteElo "2128"]
[BlackElo "2297"]

1.e4 d6 2.d4 Nf6 3.Nc3 e5 4.dxe5 dxe5 5.Qxd8+ Kxd8 6.f3 Be6 7.Be3 c6 8.g3 Nbd7
9.Bh3 Bb4 10.Bxe6 Bxc3+ 11.bxc3 fxe6 12.a4 Nb6 13.a5 Nc4 14.Bc1 Kc7 15.Ke2 b5
16.axb6+ axb6 17.Rxa8 Rxa8 18.Nh3 Kd6 19.Nf2 Ra2 20.Kd1 Nd7 21.Nd3 Nc5 22.Nxc5 Kxc5
23.h4 Nd6 24.Re1 Kc4 25.Re3 Nb7 26.Rd3 Ra8 27.Ke2 Rd8 28.Bd2 c5 29.Be1 Kb5
30.g4 c4 31.Rxd8 Nxd8 32.Ke3 Kc5 33.Bg3 Nf7 34.f4 exf4+ 35.Bxf4 e5 36.Bg3 b5
37.g5 Kd6 38.Kf3 Ke6 39.Bf2 g6 40.Bc5 Kd7  1/2-1/2

[Event "Spring Cup"]
[Site "Cheliabinsk RUS"]
[Date "2008.03.13"]
[Round "7"]
[White "Krassilnikov,E"]
[Black "Yatsenko,A"]
[Result "0-1"]
[WhiteElo "2399"]
[BlackElo "2442"]

1.e4 d6 2.d4 Nf6 3.Nc3 e5 4.dxe5 dxe5 5.Qxd8+ Kxd8 6.Bc4 Ke8 7.Nf3 Bd6 8.Bg5 Nbd7
9.O-O-O a6 10.a4 Nb6 11.Bb3 Be6 12.Bxf6 gxf6 13.Nd5 Nxd5 14.Bxd5 Rb8 15.Nh4 Ke7
16.Nf5+ Bxf5 17.exf5 Bc5 18.f3 Rhg8 19.g3 b5 20.axb5 axb5 21.c3 Rg5 22.g4 Rgg8
23.h4 h5 24.gxh5 b4 25.f4 exf4 26.Rhe1+ Be3+ 27.Kc2 Rh8 28.Bf3 Rb5 29.c4 Rxf5
30.Bg4 Rc5 31.Rd7+ Kf8 32.Kb3 Kg7 33.Re2 Kf8 34.Rd8+ Kg7 35.Rd7 Rf8 36.Rg2 Kh6
37.Bf3 Re5 38.Bd5 f3 39.Bxf3 Bc5 40.Bd5 Re3+ 41.Kc2 Re7 42.Rxe7 Bxe7 43.Kd3 f5
44.Rf2 Bxh4 45.Rxf5 f6 46.Bf3 Re8  0-1

[Event "ch-Siberia"]
[Site "Novokuznetsk RUS"]
[Date "2008.03.13"]
[Round "1"]
[White "Petrukhin,D"]
[Black "Storchak,V"]
[Result "1-0"]
[WhiteElo "2420"]
[BlackElo "2187"]

1.e4 d6 2.d4 Nf6 3.Nc3 c6 4.a4 Qa5 5.Bd3 e5 6.Ne2 exd4 7.Nxd4 g6 8.O-O Nbd7
9.Nb3 Qc7 10.f4 Bg7 11.Qf3 O-O 12.a5 Rb8 13.Bd2 b5 14.axb6 axb6 15.Kh1 Bb7
16.Ne2 Ra8 17.Rae1 Rfe8 18.Ng1 c5 19.c4 Bc6 20.Bc3 Re7 21.Nd2 Rae8 22.Nh3 Qb7
23.Nf2 b5 24.cxb5 Bxb5 25.Bxb5 Qxb5 26.Ra1 d5 27.e5 d4 28.Ba5 Nh5 29.Nfe4 Qxb2
30.Nc4 Qb8 31.Ned6 Rf8 32.Rfb1 Qa8 33.Nb7 Re6 34.Ncd6 Nxf4 35.Bc7 Nxe5 36.Qxf4 Nd3
37.Qxf7+  1-0

[Event "ch-Siberia"]
[Site "Novokuznetsk RUS"]
[Date "2008.03.13"]
[Round "1"]
[White "Salinnikov,D"]
[Black "Telelyaev,A"]
[Result "1-0"]
[WhiteElo "2395"]
[BlackElo "2114"]

1.e4 d6 2.d4 Nf6 3.Nc3 e5 4.dxe5 dxe5 5.Qxd8+ Kxd8 6.g3 Bd6 7.Bg5 a6 8.O-O-O Ke8
9.Bxf6 gxf6 10.Nd5 f5 11.Bh3 Nc6 12.Bxf5 Bxf5 13.exf5 h5 14.Nf3 Rh6 15.Ng5 Ne7
16.Ne4 Nxd5 17.Rxd5 Kd7 18.Rhd1 Kc6 19.f6 Rd8 20.c4 b6 21.b4 Rf8 22.c5  1-0

[Event "A.Lutikov Memorial"]
[Site "Tiraspol MDA"]
[Date "2008.03.14"]
[Round "1"]
[White "Podgursky,S"]
[Black "Rakhmangulov,A"]
[Result "0-1"]
[WhiteElo "2217"]
[BlackElo "2318"]

1.e4 d6 2.d4 Nf6 3.Nc3 c6 4.a4 Qa5 5.Bd2 e5 6.Nd5 Qd8 7.Nxf6+ Qxf6 8.Bc3 Qg6
9.Qd3 f5 10.f3 Be7 11.dxe5 dxe5 12.Bxe5 O-O 13.O-O-O fxe4 14.Qxe4 Bf5 15.Bc4+ Kh8
16.Qe2 Nd7 17.f4 Nc5 18.a5 b5 19.Ba2 Rae8 20.Nf3 Bd8 21.Qf2 Ne4 22.Qxa7 Be7
23.g4 Bxg4 24.Rhg1 h5 25.Rd7 Ra8 26.Rxe7 Rxa7 27.Rxa7 Nf6 28.Ng5 Qe8 29.h3 Nd7
30.hxg4 Nxe5 31.Rh1 Nxg4 32.Ra8 Qxa8 33.Rxh5+ Nh6 34.Nf7+ Rxf7 35.Bxf7 Qxa5
36.c3 Qa1+ 37.Kc2 Qa4+  0-1

[Event "Spring Cup"]
[Site "Cheliabinsk RUS"]
[Date "2008.03.15"]
[Round "9"]
[White "Khusnutdinov,R"]
[Black "Yatsenko,A"]
[Result "1/2-1/2"]
[WhiteElo "2452"]
[BlackElo "2442"]

1.e4 d6 2.d4 Nf6 3.Nc3 e5 4.dxe5 dxe5 5.Qxd8+ Kxd8 6.Bg5 Be6 7.O-O-O+ Kc8
8.f4 exf4 9.Nge2 h6 10.Bxf6 gxf6 11.Nxf4 Bd6 12.Nxe6 fxe6  1/2-1/2

[Event "ch-RUS Girls u20"]
[Site "St Petersburg RUS"]
[Date "2008.03.17"]
[Round "10"]
[White "Bodnaruk,A"]
[Black "Ambartsumova,K"]
[Result "1-0"]
[WhiteElo "2317"]
[BlackElo "2228"]

1.e4 d6 2.d4 Nf6 3.Nc3 Nbd7 4.Nge2 e5 5.g3 g6 6.Bg2 Bg7 7.O-O O-O 8.h3 c6
9.a4 Re8 10.Be3 Qc7 11.f4 b6 12.dxe5 dxe5 13.f5 Ba6 14.g4 Red8 15.Qe1 Ne8
16.g5 Nd6 17.b3 Bb7 18.h4 a6 19.h5 b5 20.Ng3 b4 21.Nce2 c5 22.Rd1 a5 23.Bh3 Nxe4
24.fxg6 hxg6 25.hxg6 Nxg3 26.gxf7+ Kf8 27.Qxg3 Nb6 28.Qf2 Rd4 29.Nxd4 cxd4
30.Bc1 Nd5 31.Bg4 Nc3 32.Rde1 e4 33.Bf4 Qc5 34.Qh2 Rd8 35.g6 d3+ 36.Be3 Qc6
37.Qh5 Rd5 38.Qh7 Qd6 39.Qg8+  1-0

[Event "ch-RUS Boys u20"]
[Site "St Petersburg RUS"]
[Date "2008.03.17"]
[Round "10"]
[White "Lintchevski,D"]
[Black "Nechepurenko,R"]
[Result "1/2-1/2"]
[WhiteElo "2440"]
[BlackElo "2495"]

1.e4 d6 2.d4 Nf6 3.Nc3 e5 4.dxe5 dxe5 5.Qxd8+ Kxd8 6.Bc4 Be6 7.Bxe6 fxe6
8.Be3 Bd6 9.f3 Nc6 10.Nh3 Ke7 11.Nf2 h6 12.O-O-O Rhb8 13.Ne2 b5 14.Kb1 Nd7
15.Nd3 Na5 16.b3 Rb7 17.c3 c5 18.Kb2 c4 19.Nb4 Rc8 20.Rd2 Bc5 21.Bxc5+ Nxc5
22.Nc1 Rbc7 23.Rhd1 Nab7 24.Nc2 Nd7 25.Na3 a6 26.bxc4 Nb6 27.Nd3 Na5 28.Nxe5 Rc5
29.f4 Rxe5 30.fxe5 Nbxc4+ 31.Nxc4 Nxc4+ 32.Kb3 Nxd2+ 33.Rxd2 a5 34.Rd6 a4+
35.Kb4 Rc4+ 36.Kxb5 Rxc3 37.Rd2 Re3 38.Kxa4 Rxe4+ 39.Kb5 Rxe5+ 40.Kb6 Re4
41.Kb5 Re5+ 42.Kb6 Re4 43.Kb5 Re5+  1/2-1/2

[Event "ch-Siberia"]
[Site "Novokuznetsk RUS"]
[Date "2008.03.18"]
[Round "6"]
[White "Obolenskikh,D"]
[Black "Yudin,S"]
[Result "1/2-1/2"]
[WhiteElo "2455"]
[BlackElo "2519"]

1.e4 d6 2.d4 Nf6 3.Nc3 e5 4.Nge2 Be7 5.g3 c6 6.a4 O-O 7.Bg2 a5 8.O-O Na6
9.h3 Nb4 10.Be3 exd4 11.Bxd4 Re8 12.Nf4 Nd7 13.Re1 Ne5 14.Re2 Qc7 15.b3 Bd7
16.Na2 Na6 17.Kh2 Bf8 18.Nd3 Be6 19.f4 Nxd3 20.Qxd3 c5 21.f5 cxd4 22.fxe6 Rxe6
23.Rf1 Be7 24.c3 dxc3 25.Nxc3 Nb4 26.Nd5 Nxd5 27.exd5 Rxe2 28.Qxe2 Bf6 29.Qc4 Qxc4
30.bxc4 Rc8 31.Re1 Kf8 32.Bf1 Bc3 33.Re4 Re8 34.Rxe8+ Kxe8 35.h4 h5 36.Bh3 Kd8
37.g4 hxg4 38.Bxg4 Kc7 39.h5 Kb6 40.Bc8 Kc7 41.Bf5 Kd8 42.Kg3 Ke7 43.Bc8 b6
44.Kf4 Kf6 45.Bd7 Bd2+ 46.Kg4 Ke5 47.Kf3 Bb4 48.Be8 Bc5 49.Bd7 f5 50.Be8 f4
51.Bd7 Be3 52.Be8  1/2-1/2

[Event "67th ch-GEO KO"]
[Site "Tbilisi GEO"]
[Date "2008.03.18"]
[Round "2.1"]
[White "Arutinian,D"]
[Black "Kekelidze,M"]
[Result "1-0"]
[WhiteElo "2576"]
[BlackElo "2454"]

1.d4 d6 2.e4 Nf6 3.Nc3 e5 4.Nge2 c6 5.g3 b5 6.a3 Be7 7.Bg2 O-O 8.O-O Nbd7
9.h3 Bb7 10.g4 Nb6 11.Ng3 g6 12.Nce2 c5 13.c3 Nfd7 14.f4 a5 15.Qd3 Bh4 16.Kh2 Qe7
17.Ng1 exd4 18.cxd4 c4 19.Qc2 Bxg3+ 20.Kxg3 f5 21.e5 Bxg2 22.Qxg2 dxe5 23.fxe5 fxg4
24.Bh6 Rxf1 25.Rxf1 Rc8 26.hxg4 c3 27.bxc3 Rxc3+ 28.Rf3 Rxa3 29.Qe2 Nc4 30.Qe4 Ncb6
31.Rxa3 Qxa3+ 32.Nf3 Qc3 33.g5 Qc7 34.Kg2 Nf8 35.e6 Nc8 36.d5 Qd6 37.Nd4 Ne7
38.Bxf8 Qxd5 39.Qxd5 Nxd5 40.Bd6 b4 41.Kf3 a4 42.Ke4 b3 43.Ba3 Nc7 44.Ke5 h6
45.gxh6 Kh7 46.Bc1 a3 47.Bxa3 b2 48.Bxb2 Nxe6 49.Nxe6 Kxh6 50.Bc1+ Kh5 51.Kf4 Kh4
52.Ng5 Kh5 53.Nf7 Kh4 54.Kf3 g5 55.Bxg5+ Kh3 56.Nd6 Kh2 57.Ne4 Kh1 58.Bf4 Kg1
59.Nf2 Kf1 60.Bh2 Ke1 61.Ne4 Kf1 62.Nd2+ Ke1 63.Ke3 Kd1 64.Kd3 Ke1 65.Be5 Kd1
66.Bf6 Ke1 67.Bd4 Kd1 68.Bf2 Kc1 69.Nc4 Kd1 70.Nb2+ Kc1 71.Kc3  1-0

[Event "39th Open"]
[Site "Mar del Plata ARG"]
[Date "2008.03.19"]
[Round "6"]
[White "Maucci,M"]
[Black "Merlo,C"]
[Result "1-0"]
[WhiteElo "1985"]
[BlackElo "2181"]

1.e4 d6 2.d4 Nf6 3.Nc3 e5 4.dxe5 dxe5 5.Qxd8+ Kxd8 6.Nf3 Bd6 7.Bc4 Be6 8.Bxe6 fxe6
9.Bg5 a6 10.O-O-O Ke7 11.a3 Nc6 12.h3 Rhf8 13.Rhe1 h6 14.Be3 Nh5 15.Nh4 Kf7
16.g3 Kg8 17.Na4 g5 18.Ng2 b6 19.Nxb6 Rad8 20.Nc4 Nf6 21.Nxd6 cxd6 22.Bb6 Rd7
23.f4 Nh5 24.fxg5 Nxg3 25.gxh6 Rf6 26.Rd3 Nh5 27.Rg1 Kh7 28.Rgd1 Nd4 29.Bxd4 exd4
30.Rxd4 e5 31.Rd5 Nf4 32.Nxf4 exf4 33.e5 Rxh6 34.Rxd6 Rdxd6 35.exd6  1-0

[Event "31st San Sebastian Open"]
[Site "Donostia ESP"]
[Date "2008.03.20"]
[Round "5"]
[White "Andres Gonzalez,I"]
[Black "Sirletti,S"]
[Result "1-0"]
[WhiteElo "2375"]
[BlackElo "1989"]

1.d4 d6 2.e4 Nf6 3.Nc3 e5 4.Nf3 Nbd7 5.Bc4 Be7 6.O-O O-O 7.Re1 a6 8.a4 b6
9.Ba2 Bb7 10.Qe2 c6 11.Bg5 h6 12.Bh4 Qc7 13.Rad1 b5 14.Bg3 b4 15.Nb1 c5 16.dxe5 dxe5
17.Nbd2 Nh5 18.Nc4 Nxg3 19.hxg3 Bc6 20.Bb3 Rfe8 21.Ne3 Nf6 22.Nd5 Bxd5 23.Bxd5 Rad8
24.Qxa6 Nxd5 25.exd5 Bf6 26.Re4 Rd6 27.Qc4 Rdd8 28.b3 Rd6 29.Re2 Rd7 30.Nd2 e4
31.Nxe4 Bd4 32.Nf6+ gxf6 33.Rxe8+ Kg7 34.Re4 f5 35.Rexd4 cxd4 36.Qxc7  1-0

[Event "XXXV Open"]
[Site "La Roda ESP"]
[Date "2008.03.20"]
[Round "2"]
[White "Alberola Mulet,J"]
[Black "Llorente Zaro,A"]
[Result "0-1"]
[WhiteElo "2176"]
[BlackElo "2435"]

1.e4 d6 2.d4 Nf6 3.Nc3 Nbd7 4.f4 e5 5.Nf3 exd4 6.Nxd4 g6 7.Be3 Bg7 8.Bd3 O-O
9.g4 d5 10.e5 c5 11.exf6 Nxf6 12.Be2 Re8 13.Bf2 cxd4 14.Bxd4 Nxg4 15.O-O Bxd4+
16.Qxd4 Ne3 17.Bb5 Bd7 18.Bxd7 Qxd7 19.Rf2 Re7 20.f5 Nxf5 21.Rxf5 Qxf5 22.Nxd5 Re5
23.c4 h5 24.Qc3 Qg4+  0-1

[Event "ch-Siberia"]
[Site "Novokuznetsk RUS"]
[Date "2008.03.20"]
[Round "8"]
[White "Badmatsyrenov,O"]
[Black "Yudin,S"]
[Result "0-1"]
[WhiteElo "2343"]
[BlackElo "2519"]

1.e4 d6 2.d4 Nf6 3.Nc3 e5 4.Nf3 Nbd7 5.g4 h6 6.g5 hxg5 7.Bxg5 c6 8.a4 Qc7
9.Qd2 Be7 10.O-O-O Nf8 11.Rg1 Ng6 12.h4 Bg4 13.Be2 Bxf3 14.Bxf3 Nxh4 15.Bxh4 Rxh4
16.Rxg7 Bf8 17.Qg5 Rf4 18.dxe5 dxe5 19.Be2 Bxg7 20.Qxg7 Rd8 21.Rh1 Qe7 22.Bc4 Kd7
23.Ne2 Rxe4 24.Bd3 Rxa4 25.Rh6 Ra1+ 26.Kd2 Nd5 27.Ng3 Kc7 28.Rh7 Rd7  0-1